It's Pumpkin Day, Mouse! / (Record no. 29409)

MARC details
000 -LEADER
fixed length control field 01827cam a2200505Ia 4500
001 - CONTROL NUMBER
control field sjds1108994
003 - CONTROL NUMBER IDENTIFIER
control field sjds
005 - DATE AND TIME OF LATEST TRANSACTION
control field 20240403094023.0
008 - FIXED-LENGTH DATA ELEMENTS--GENERAL INFORMATION
fixed length control field 111016t20122012nyua a 000 1 eng d
010 ## - LIBRARY OF CONGRESS CONTROL NUMBER
LC control number 2011933086
020 ## - INTERNATIONAL STANDARD BOOK NUMBER
International Standard Book Number 9780694014293
020 ## - INTERNATIONAL STANDARD BOOK NUMBER
International Standard Book Number 069401429X
035 ## - SYSTEM CONTROL NUMBER
System control number 491354
035 ## - SYSTEM CONTROL NUMBER
System control number (OCoLC)757483461
035 ## - SYSTEM CONTROL NUMBER
System control number 491354
040 ## - CATALOGING SOURCE
Original cataloging agency BTCTA
Language of cataloging eng
Transcribing agency BTCTA
Modifying agency BDX
-- OCO
-- IFA
-- UtOrBLW
049 ## - LOCAL HOLDINGS (OCLC)
Holding library IFAA
099 ## - LOCAL FREE-TEXT CALL NUMBER (OCLC)
Filing suffix 2012
999 ## - SYSTEM CONTROL NUMBERS (KOHA)
Koha Dewey Subclass [OBSOLETE] BOARD BOOKS NUMEROFF 2012
100 1# - MAIN ENTRY--PERSONAL NAME
Personal name Numeroff, Laura Joffe,
Relator term author.
245 10 - TITLE STATEMENT
Title It's Pumpkin Day, Mouse! /
Statement of responsibility, etc. Laura Numeroff, Felicia Bond.
246 3# - VARYING FORM OF TITLE
Title proper/short title It is Pumpkin Day, Mouse
260 ## - PUBLICATION, DISTRIBUTION, ETC. (IMPRINT)
Place of publication, distribution, etc. New York :
Name of publisher, distributor, etc. Balzer + Bray,
Date of publication, distribution, etc. c2021
264 #1 - PRODUCTION, PUBLICATION, DISTRIBUTION, MANUFACTURE, AND COPYRIGHT NOTICE
Place of production, publication, distribution, manufacture New York :
Name of producer, publisher, distributor, manufacturer Balzer + Bray,
Date of production, publication, distribution, manufacture, or copyright notice [2012]
264 #4 - PRODUCTION, PUBLICATION, DISTRIBUTION, MANUFACTURE, AND COPYRIGHT NOTICE
Date of production, publication, distribution, manufacture, or copyright notice c2012
300 ## - PHYSICAL DESCRIPTION
Extent 1 volume (unpaged) :
Other physical details color illustrations ;
Dimensions 17 cm.
336 ## - CONTENT TYPE
Content type term text
Content type code txt
Source rdacontent
337 ## - MEDIA TYPE
Media type term unmediated
Media type code n
Source rdamedia
338 ## - CARRIER TYPE
Carrier type term volume
Carrier type code nc
Source rdacarrier
490 1# - SERIES STATEMENT
Series statement An if you give--book
500 ## - GENERAL NOTE
General note On board pages.
520 ## - SUMMARY, ETC.
Summary, etc. Mouse paints each pumpkin with a different face.
521 8# - TARGET AUDIENCE NOTE
Target audience note AD 380
Source Lexile
526 0# - STUDY PROGRAM INFORMATION NOTE
Program name Accelerated Reader
Interest level LG
Reading level 1.0
Title point value 0.5
Public note 155220
650 #0 - SUBJECT ADDED ENTRY--TOPICAL TERM
Topical term or geographic name as entry element Pumpkin
Form subdivision Juvenile fiction.
650 #0 - SUBJECT ADDED ENTRY--TOPICAL TERM
Topical term or geographic name as entry element Mice
Form subdivision Juvenile fiction.
650 #0 - SUBJECT ADDED ENTRY--TOPICAL TERM
Topical term or geographic name as entry element Jack-o-lanterns
Form subdivision Juvenile fiction.
700 1# - ADDED ENTRY--PERSONAL NAME
Personal name Bond, Felicia.
830 #0 - SERIES ADDED ENTRY--UNIFORM TITLE
Uniform title If you give--book.
942 ## - ADDED ENTRY ELEMENTS (KOHA)
Koha item type Libro/Book
Holdings
Withdrawn status Lost status Damaged status Not for loan Home library Current library Shelving location Date acquired Inventory number Total Checkouts Full call number Barcode Checked out Date last seen Date checked out Price effective from Koha item type
        San Juan Del Sur -- Biblioteca San Juan Del Sur -- Biblioteca Children's Area 03/04/2024 Inventory date: 15-5-25 3 JI INGLES 30028942 22/11/2025 15/11/2025 15/11/2025 03/04/2024 Libro/Book

Powered by Koha